000 00759cam a2200229 a 4500
001 000006607
005 20240305135409.0
008 970708s1997 sp a 001 0bspa d
020 _a8420482501
040 _aDO-SdBNP
_bspa
_cLC
_dBNPHU
082 _a928.61
_bG216S
100 1 _aSaldívar, Dasso,
_d1951-
_918320
245 1 0 _aGarcía Márquez :
_bel viaje a la semilla : la biografía /
_cDasso Saldívar.
260 _aMadrid :
_bAlfaguara,
_c1997.
300 _a611 p. :
_bil. ;
_c24 cm.
504 _aReferencias bibliográficas p. [471]-541 e índice.
600 1 0 _aGarcía Márquez, Gabriel,
_b1928-2014
_91804
650 4 _aAutores colombianos
_ySIGLO XX
_xBiografía
_918322
910 _aCatalogación por copia / LC
910 _aWM
049 _aBNGR
999 _c6397
_d6397